000 00407pab a2200169 454500
008 180718b2017 xxu||||| |||| 00| 0 eng d
100 _aSingh, Jatinder
245 _aQuality certification: trigger force for competitiveness
260 _c2017
300 _ap.37-39.
362 _aNov
650 _aMSMEs
650 _aCompetiton
650 _aQuality control
773 _aYojana
909 _a116771
999 _c116765
_d116765